Law, Lawyers and Social Change (Record no. 1190568)

MARC details
000 -LEADER
fixed length control field 00831nam a2200265Ia 4500
003 - CONTROL NUMBER IDENTIFIER
control field OSt
005 - DATE AND TIME OF LATEST TRANSACTION
control field 20221007110356.0
008 - FIXED-LENGTH DATA ELEMENTS--GENERAL INFORMATION
fixed length control field 221006b |||||||| |||| 00| 0 eng d
037 ## - SOURCE OF ACQUISITION
Terms of availability Textual
040 ## - CATALOGING SOURCE
Original cataloging agency LCO
Transcribing agency LCO
Language of cataloging eng
041 ## - LANGUAGE CODE
Source of code eng
Language code of text/sound track or separate title eng
100 ## - MAIN ENTRY--PERSONAL NAME
Personal name Horowitz Harold W.
9 (RLIN) 687788
245 #0 - TITLE STATEMENT
Title Law, Lawyers and Social Change
260 ## - PUBLICATION, DISTRIBUTION, ETC.
Place of publication, distribution, etc. New
Name of publisher, distributor, etc. York The Bobbs Merrill Company U.S.A.
Date of publication, distribution, etc. 1969
300 ## - PHYSICAL DESCRIPTION
Extent 531
500 ## - GENERAL NOTE
General note Cases and Materials on the Abolition of Slavery, Racial Segregation and Inequality of Educational Opportunity
650 ## - SUBJECT ADDED ENTRY--TOPICAL TERM
Topical term or geographic name entry element LAWYERS
9 (RLIN) 702575
700 ## - ADDED ENTRY--PERSONAL NAME
Personal name Karst Kenneth L.
9 (RLIN) 687789
942 ## - ADDED ENTRY ELEMENTS (KOHA)
Classification part Z0b Y:4, K9
Koha item type Textual
Holdings
Withdrawn status Lost status Damaged status Not for loan Home library Current library Date acquired Total Checkouts Full call number Barcode Date last seen Price effective from Koha item type
        Law Centre-I Library Law Centre-I Library 2022-10-07   Z0b Y:4 K9 LO0008026 2022-10-07 2022-10-07 Textual
Copyright @ Delhi University Library System